000 00517nmm a2200169Ia 4500
008 251105s9999||||xx |||||||||||||||||und||
020 _a9788417873417
041 _aspa
100 _aEgido Martínez, Aurora
245 0 _aEl diálogo de las lenguas y Miguel de Cervantes
264 _a[Madrid, España] :
_bPrensas Universitarias de Zaragoza,
_c2019
300 _a149 páginas
490 _aHumanidades
650 _aSpanish literature
856 _uhttps://public.digitaliapublishing.com/a/59291
942 _cCF
999 _c79189
_d79189